| 000 | 00581cab a2200181 4500 | ||
|---|---|---|---|
| 001 | ##L133323 | ||
| 008 | 060502n2006 000 0 eng u | ||
| 035 | _a(Sirsi) u133323 | ||
| 041 | 0 | _aeng | |
| 100 | 1 | _aYoung, Eleanor | |
| 245 | 0 | 0 | _aTight corner |
| 260 | _c2006 | ||
| 490 | 0 |
_aRIBA Journal _v113(5) May 2006, 30-38(8) |
|
| 520 | _aReports on the design and architecture of a mixed-tenure flat development on a restricted site in inner London. Contains brief costings and floor plans. | ||
| 590 | _aIKA090506 | ||
| 690 | _aBUILT ENVIRONMENT-BUILDING COSTS | ||
| 942 | _n0 | ||
| 999 |
_c76932 _d76932 |
||